|
|
|
|
| LEADER |
01225nam a2200277 a 4500 |
| 001 |
13606188 |
| 008 |
100610s2005 nyuab b 001 0 eng d |
| 010 |
|
|
|a \\2004053080
|
| 020 |
|
|
|a 0072826738 (softcover : alk. paper)
|
| 040 |
|
|
|a DLC
|c DLC
|d DLC
|d BD-DhAAL
|
| 082 |
0 |
0 |
|a 305.42
|2 22
|
| 100 |
1 |
|
|a Burn, Shawn Meghan.
|
| 245 |
1 |
0 |
|a Women across cultures :
|b a global perspective /
|c Shawn Meghan Burn.
|
| 250 |
|
|
|a 2nd ed.
|
| 260 |
|
|
|a New York :
|b McGraw-Hill,
|c c2005.
|
| 300 |
|
|
|a xiii, 388, I-14 p. :
|b ill., map ;
|c 24 cm.
|
| 504 |
|
|
|a Includes bibliographical references (p. [363]-388) and index.
|
| 541 |
1 |
|
|e 00020390
|
| 650 |
|
0 |
|a Women
|x Social conditions
|v Cross-cultural studies.
|
| 650 |
|
0 |
|a Women
|x Economic conditions
|v Cross-cultural studies.
|
| 650 |
|
0 |
|a Women's rights
|v Cross-cultural studies.
|
| 650 |
|
0 |
|a Sex role
|v Cross-cultural studies.
|
| 650 |
|
0 |
|a Sex discrimination against women
|v Cross-cultural studies.
|
| 852 |
4 |
|
|a Ayesha Abed Library
|j General Shelf
|
| 999 |
|
|
|c 8903
|d 8903
|
| 952 |
|
|
|0 0
|1 0
|2 ddc
|4 0
|6 305_420000000000000_BUR_2005
|7 0
|9 10896
|a BRACUL
|b BRACUL
|c GEN
|d 2010-06-13
|l 1
|o 305.42 BUR
|p 3010020390
|r 2014-05-14
|s 2013-02-25
|t 1
|w 2010-06-13
|y BK
|x Transferred from ENH to Ayesha Abed library on 20/12/2023
|